Nerf Modulus Blasters - Statistics

General Stats
  • This quiz has been taken 18 times
  • The average score is 7 of 18
Answer Stats
Blaster % Correct
Modulus ECS-10
87%
Tri-Strike
73%
Stryfe
67%
Demolisher
60%
IonFire
53%
Mediator
53%
Recon MKII
53%
Recon MKIII
53%
LongStrike
47%
Regulator
47%
Battlescout ICS-10
33%
BarrelStrike
27%
Blaster Stock
27%
Grip Blaster
27%
StockShot
20%
Tracker ECS-10
7%
Mediator Barrel
0%
Mediator Stock
0%
No matching quizzes found
Score Distribution
Percent of People with Each Score
Percentile by Number Answered
Your Score History
You have not taken this quiz